000 00387nam a22001697a 4500
005 20160618143605.0
008 160618b xxu||||| |||| 00| 0 eng d
020 _a81-203-2578-8
041 _aeng
082 _b8169
100 _aGovindarajan, M and Others
_92234
245 _aEngineering Ethics
260 _bPHI
_c2004
300 _a173
650 _aManagement
_9241
942 _cBK
999 _c3123
_d3122